01980nam a2200301 i 4500001000700000003000900007005001700016007000300033008004000036017005100076020001800127040003300145080003500178100003200213245011500245264004700360300006200407336002900469337003500498338003000533500001300563500001700576504003800593520078300631600007101414700004301485852015001528193596ES-MaACL20250711063121.0ta220602s2022 spc|||| |||| 0|1 0dspa| aB 40-2022 bOficina Depósito Legal Barcelona a9788413611310 aES-BaBC bspaerda cES-BaBC a1 Ortega y Gasset, José 2.071 aZamora Bonilla, Javiereaut10aOrtega y Gasset : bla aventura de la verdad / cJavier Zamora Bonilla ; prólogo de Antonio Garrigues Walker 1a[Barcelona] : bShackleton Books, c[2022] a192 páginas : bilustraciones (blanco y negro) ;c21 cm aTexto btxt 2rdacontent asin mediación bn 2rdamedia avolumen bnc 2rdacarrier aÍndice aCronología aBibliografía: páginas 169-184 aUna excepcional introducción a la vida y la obra de Ortega y Gasset de la mano del principal especialista en el pensamiento del filósofo español. José Ortega y Gasset (1883-1955) es la figura más importante del pensamiento español del siglo xx. En este nuevo libro, Javier Zamora Bonilla presenta una síntesis de muchos años de investigación sobre la biografía y la obra del filósofo, entrelazando ambas en el contexto histórico donde se desarrollaron. Al hilo de la biografía de Ortega y Gasset, se expone su filosofía de la razón vital e histórica y su pensamiento político, así como la actuación pública del intelectual que puso los fundamentos de la filosofía contemporánea en España con una obra fecunda en ideas innovadoras.14aOrtega y Gasset, José,d1883-1955-xCrítica e interpretación1 aGarrigues Walker, Antonio,d1934-eaui aES-MaACLcDEPOJjN-9602gDedicatoria autógrafa del autor hDonación: Javier Zamora BonillabR. 154480xEncuadernación rústica con solapas